It looks like you're offline.
Open Library logo
additional options menu

MARC Record from Scriblio

Record ID marc_records_scriblio_net/part04.dat:64138432:619
Source Scriblio
Download Link /show-records/marc_records_scriblio_net/part04.dat:64138432:619?format=raw

LEADER: 00619nam 22002051 4500
001 52014538 /L
003 DLC
005 19800715000000.0
008 790516s1952 maua 00010 eng
010 $a 52014538 /L
043 $ae------
050 0 $aHC240$b.C55 1952
082 $a330.94
100 10 $aClough, Shepard Bancroft,$d1901-
245 10 $aEconomic history of Europe$c[by] Shepard Bancroft Clough [and] Charles Woolsey Cole.
250 $a3d ed.
260 0 $aBoston,$bHeath$c[1952]
300 $a917 p.$billus.$c23 cm.
651 0 $aEurope$xEconomic conditions.
700 10 $aCole, Charles Woolsey,$d1906-$ejoint author.